| 000 | 00723cam a2200157 4500500 | ||
|---|---|---|---|
| 005 | 20260201134432.0 | ||
| 041 | _afre | ||
| 042 | _adc | ||
| 100 | 1 | 0 |
_aMellon, Christian _eauthor |
| 245 | 0 | 0 | _aC. Clémentin-Ojha, C. Jaffrelot, D. Matringe, J. Pouchepadass (dir.), Dictionnaire de l’Inde, Larousse, 2009, 480 p., 26 € |
| 260 | _c2009. | ||
| 500 | _a77 | ||
| 520 | _aResumé Autour du livre de Pierre Dardot et Christian Laval, La nouelle raison du monde. Essai sur la société néolibérale, La Découverte, 2009, 496 p., 26 € | ||
| 786 | 0 | _nRevue Projet | 310 | 3 | 2009-03-01 | p. 088b-094b | 0033-0884 | |
| 856 | 4 | 1 | _uhttps://shs.cairn.info/revue-projet-2009-3-page-088b?lang=fr&redirect-ssocas=7080 |
| 999 |
_c1642597 _d1642597 |
||